[Event "Tradewise Gibraltar Masters 14th"]
[Site "Gibraltar"]
[Date "2016.02.02"]
[Round "8.3"]
[White "Harikrishna, Pentala"]
[Black "Vidit, Santosh Gujrathi"]
[Result "1-0"]
[WhiteElo "2755"]
[BlackElo "2642"]
[PlyCount "65"]
[EventDate "2016.01.26"]
[EventType "swiss"]
[EventRounds "10"]
[EventCountry "GGB"]
[Source "www.saund.co.uk"]
[SourceDate "2005.02.07"]

1. d4 Nf6 2. Nf3 g6 3. Bf4 d6 4. c3 Nh5 5. Bg5 h6 6. Bh4 g5 7. Bg3 Bg7 8. e4
O-O 9. Bd3 e6 10. Ng1 Nxg3 11. hxg3 c5 12. dxc5 dxc5 13. Qe2 Qc7 14. Nh3 Rd8
15. f4 Qd6 16. Bc4 Qe7 17. Nf2 Nc6 18. Nd2 Na5 19. Bd3 c4 20. Bc2 gxf4 21. gxf4
e5 22. f5 b5 23. Nf3 b4 24. Ng4 bxc3 25. bxc3 Rd6 26. Qe3 Rb8 27. Nxh6+ Kf8 28.
Ng4 Kg8 29. Rb1 Rxb1+ 30. Bxb1 Qb7 31. Kf2 Rb6 32. Bc2 Rb2 33. Qg5 1-0

[Event "Tradewise Gibraltar Masters 14th"]
[Site "Gibraltar"]
[Date "2016.02.02"]
[Round "8.4"]
[White "Yu Yangyi"]
[Black "Sethuraman, S.P."]
[Result "1/2-1/2"]
[WhiteElo "2747"]
[BlackElo "2639"]
[PlyCount "71"]
[EventDate "2016.01.26"]
[EventType "swiss"]
[EventRounds "10"]
[EventCountry "GGB"]
[Source "www.saund.co.uk"]
[SourceDate "2005.02.07"]

1. e4 e5 2. Nf3 Nc6 3. Bb5 a6 4. Ba4 Nf6 5. O-O Be7 6. Re1 b5 7. Bb3 d6 8. c3
O-O 9. h3 Bb7 10. d3 Re8 11. a4 h6 12. Nbd2 Na5 13. Bc2 c5 14. Nf1 Bf8 15. Ng3
d5 16. axb5 axb5 17. d4 cxd4 18. cxd4 Bb4 19. Bd2 Bxd2 20. Nxd2 exd4 21. e5 Ne4
22. Ndxe4 dxe4 23. Bxe4 Bxe4 24. Rxe4 d3 25. Nf5 d2 26. Rd4 Qg5 27. Ne3 Qxe5
28. Rxd2 Nc4 29. Rxa8 Rxa8 30. Rd8+ Rxd8 31. Qxd8+ Kh7 32. Qd3+ Kg8 33. Nxc4
bxc4 34. Qd2 h5 35. h4 Qe4 36. g3 1/2-1/2

[Event "Tradewise Gibraltar Masters 14th"]
[Site "Gibraltar"]
[Date "2016.02.02"]
[Round "8.5"]
[White "Wojtaszek, Radoslaw"]
[Black "Grandelius, Nils"]
[Result "1/2-1/2"]
[WhiteElo "2727"]
[BlackElo "2635"]
[PlyCount "60"]
[EventDate "2016.01.26"]
[EventType "swiss"]
[EventRounds "10"]
[EventCountry "GGB"]
[Source "www.saund.co.uk"]
[SourceDate "2005.02.07"]

1. d4 Nf6 2. c4 e6 3. Nf3 d5 4. Nc3 Nbd7 5. Bf4 dxc4 6. e3 b5 7. Nxb5 Bb4+ 8.
Nc3 Nd5 9. Rc1 N7b6 10. Bg3 O-O 11. Be2 c5 12. O-O cxd4 13. Nxd4 Bb7 14. Nxd5
Qxd5 15. Bf3 Qd7 16. b3 Bxf3 17. Nxf3 Qxd1 18. Rfxd1 cxb3 19. axb3 Rfc8 20. Kf1
a5 21. Nd4 a4 22. bxa4 Nxa4 23. Rxc8+ Rxc8 24. Ra1 Nb6 25. Ra6 Bc5 26. Nb3 Nd7
27. Nxc5 Nxc5 28. Ra1 Ne4 29. f3 Nxg3+ 30. hxg3 h6 1/2-1/2

[Event "Tradewise Gibraltar Masters 14th"]
[Site "Gibraltar"]
[Date "2016.02.02"]
[Round "8.7"]
[White "Gupta, Abhijeet"]
[Black "Ni Hua"]
[Result "1/2-1/2"]
[WhiteElo "2613"]
[BlackElo "2697"]
[PlyCount "71"]
[EventDate "2016.01.26"]
[EventType "swiss"]
[EventRounds "10"]
[EventCountry "GGB"]
[Source "www.saund.co.uk"]
[SourceDate "2005.02.07"]

1. d4 Nf6 2. c4 e6 3. g3 d5 4. Bg2 Bb4+ 5. Nd2 O-O 6. Ngf3 b6 7. O-O Bb7 8. a3
Be7 9. cxd5 exd5 10. b4 Nbd7 11. Bb2 c5 12. dxc5 bxc5 13. Rb1 Re8 14. Ne5 Nxe5
15. Bxe5 cxb4 16. axb4 Ne4 17. Nxe4 dxe4 18. Qa4 Qb6 19. e3 Qe6 20. Bd4 a6 21.
Rfc1 Rec8 22. Bf1 h6 23. Qa1 Bf6 24. Bxf6 Qxf6 25. Qxf6 gxf6 26. Rd1 Kg7 27.
Ra1 Rc6 28. Rd7 Rb8 29. Re7 f5 30. Ra5 Kf6 31. Rd7 Bc8 32. Rd4 Rcb6 33. Ra4 Bb7
34. Ra5 Bc8 35. Ra4 Bb7 36. Ra5 1/2-1/2

[Event "Tradewise Gibraltar Masters 14th"]
[Site "Gibraltar"]
[Date "2016.02.02"]
[Round "8.8"]
[White "Maze, Sebastien"]
[Black "Ragger, Markus"]
[Result "1/2-1/2"]
[WhiteElo "2591"]
[BlackElo "2689"]
[PlyCount "32"]
[EventDate "2016.01.26"]
[EventType "swiss"]
[EventRounds "10"]
[EventCountry "GGB"]
[Source "www.saund.co.uk"]
[SourceDate "2005.02.07"]

1. e4 c5 2. Nf3 d6 3. d4 cxd4 4. Nxd4 Nf6 5. Nc3 a6 6. g3 e5 7. Nb3 Be7 8. Bg2
O-O 9. O-O Be6 10. a4 Nbd7 11. Re1 Rc8 12. Nd2 Re8 13. Nf1 Rc4 14. Nd2 Rc8 15.
Nf1 Rc4 16. Nd2 Rc8 1/2-1/2

[Event "Tradewise Gibraltar Masters 14th"]
[Site "Gibraltar"]
[Date "2016.02.02"]
[Round "8.10"]
[White "Muzychuk, Mariya"]
[Black "Rapport, Richard"]
[Result "1/2-1/2"]
[WhiteElo "2554"]
[BlackElo "2721"]
[PlyCount "104"]
[EventDate "2016.01.26"]
[EventType "swiss"]
[EventRounds "10"]
[EventCountry "GGB"]
[Source "www.saund.co.uk"]
[SourceDate "2005.02.07"]

1. e4 c5 2. Nf3 Nc6 3. Nc3 d6 4. d4 cxd4 5. Nxd4 Nf6 6. Bg5 e6 7. Qd2 a6 8.
O-O-O Bd7 9. f4 b5 10. Bxf6 gxf6 11. Nxc6 Bxc6 12. f5 Qb6 13. Bd3 b4 14. Ne2 h5
15. fxe6 fxe6 16. Qe1 Bh6+ 17. Kb1 Ke7 18. Bc4 Qc5 19. b3 Bb5 20. Rd4 Rhg8 21.
Qh4 Qe5 22. Rhd1 Rxg2 23. Ng3 Rc8 24. Qh3 Rf2 25. Rxd6 Rxc4 26. bxc4 Ba4 27.
Rxe6+ Qxe6 28. Nf5+ Kf8 29. Rd8+ Be8 30. Qg3 Rf1+ 31. Kb2 Bc1+ 32. Kb3 Bg5 33.
a3 Qe5 34. Qxe5 fxe5 35. Ra8 Be7 36. Nxe7 Kxe7 37. axb4 Rf6 38. Ra7+ Kf8 39.
Ra8 Kf7 40. Ra7+ Kg6 41. Re7 Bf7 42. Rxe5 h4 43. Kc3 Rf3+ 44. Kd4 Rf2 45. b5
axb5 46. cxb5 Rxc2 47. b6 Rb2 48. Kc5 Kf6 49. Rf5+ Ke7 50. Rf4 h3 51. Rh4 Be6
52. Rh7+ Kf6 1/2-1/2

[Event "Tradewise Gibraltar Masters 14th"]
[Site "Gibraltar"]
[Date "2016.02.02"]
[Round "8.11"]
[White "Lalith, Babu M R"]
[Black "Short, Nigel D"]
[Result "1-0"]
[WhiteElo "2553"]
[BlackElo "2684"]
[PlyCount "111"]
[EventDate "2016.01.26"]
[EventType "swiss"]
[EventRounds "10"]
[EventCountry "GGB"]
[Source "www.saund.co.uk"]
[SourceDate "2005.02.07"]

1. d4 e6 2. Nf3 c5 3. c4 cxd4 4. Nxd4 Nf6 5. Nc3 Nc6 6. g3 Bc5 7. Nb3 Be7 8.
Bg2 b6 9. O-O a6 10. e4 Ra7 11. Be3 d6 12. Nd4 Na5 13. Rc1 Bb7 14. Na4 Nd7 15.
Qe2 O-O 16. Rfd1 Qb8 17. b4 Nc6 18. Nb3 Bc8 19. c5 dxc5 20. bxc5 b5 21. Nb6 Rd8
22. e5 Rc7 23. Bxc6 Rxc6 24. Na5 Rc7 25. Rc2 Re8 26. Nxd7 Rxd7 27. Nc6 Qc7 28.
Nxe7+ Rexe7 29. Rd6 Re8 30. Bf4 h6 31. c6 Rde7 32. h4 b4 33. Qc4 a5 34. Qb5 f5
35. Be3 Rf7 36. Rcd2 Rff8 37. f4 Qf7 38. Bc5 Qh5 39. R6d3 Rf7 40. Rd8 Rxd8 41.
Rxd8+ Kh7 42. Rxc8 g5 43. hxg5 hxg5 44. c7 gxf4 45. Rh8+ Kxh8 46. c8=Q+ Kh7 47.
Bf2 fxg3 48. Bxg3 Qf3 49. Qcc6 Qxg3+ 50. Qg2 Qe3+ 51. Kh2 Qf4+ 52. Kh1 Rc7 53.
Qh2+ Qxh2+ 54. Kxh2 Rc2+ 55. Kg3 Rxa2 56. Qd7+ 1-0

[Event "Tradewise Gibraltar Masters 14th"]
[Site "Gibraltar"]
[Date "2016.02.02"]
[Round "8.12"]
[White "Libiszewski, Fabien"]
[Black "Kamsky, Gata"]
[Result "1/2-1/2"]
[WhiteElo "2515"]
[BlackElo "2665"]
[PlyCount "131"]
[EventDate "2016.01.26"]
[EventType "swiss"]
[EventRounds "10"]
[EventCountry "GGB"]
[Source "www.saund.co.uk"]
[SourceDate "2005.02.07"]

1. e4 e5 2. Nf3 Nc6 3. Bb5 a6 4. Ba4 Nf6 5. O-O Be7 6. d3 b5 7. Bb3 d6 8. a3
O-O 9. Nc3 h6 10. h3 Re8 11. Nd5 Rb8 12. c3 Bf8 13. Nxf6+ Qxf6 14. Nh2 Be6 15.
Ng4 Qg6 16. f4 exf4 17. Bxf4 Ne5 18. Bxe6 Rxe6 19. Ne3 c6 20. b4 Rbe8 21. a4 d5
22. axb5 axb5 23. d4 Nc4 24. Nxc4 dxc4 25. e5 f6 26. Ra7 Be7 27. d5 cxd5 28.
Qxd5 Kh7 29. Qxb5 Bd8 30. Rd7 fxe5 31. Be3 Qe4 32. Rf3 Bf6 33. Rc7 Rd8 34. Qxc4
Rd1+ 35. Kh2 Qxc4 36. Rxc4 e4 37. Rf2 Rd3 38. Re2 Bxc3 39. b5 Be5+ 40. g3 Rg6
41. Bf4 Bxf4 42. gxf4 Rgg3 43. Rexe4 Rxh3+ 44. Kg2 Rdg3+ 45. Kf2 Rb3 46. Rb4
Rh2+ 47. Kg1 Rhb2 48. Rxb3 Rxb3 49. Re5 Rb2 50. f5 Kg8 51. Rc5 Kf7 52. Kh1 Kf6
53. Kg1 h5 54. Kh1 h4 55. Rc4 Kg5 56. Rc7 Kf6 57. Rc4 Kxf5 58. Rxh4 Rxb5 59.
Kg2 Rb2+ 60. Kg3 Rb3+ 61. Kg2 Re3 62. Ra4 Re4 63. Ra3 Kg5 64. Rb3 Rg4+ 65. Kh2
Kh5 66. Ra3 1/2-1/2

[Event "Tradewise Gibraltar Masters 14th"]
[Site "Gibraltar"]
[Date "2016.02.02"]
[Round "8.13"]
[White "Krush, Irina"]
[Black "Jones, Gawain C B"]
[Result "1/2-1/2"]
[WhiteElo "2458"]
[BlackElo "2625"]
[PlyCount "182"]
[EventDate "2016.01.26"]
[EventType "swiss"]
[EventRounds "10"]
[EventCountry "GGB"]
[Source "www.saund.co.uk"]
[SourceDate "2005.02.07"]

1. d4 Nf6 2. c4 e6 3. Nc3 Bb4 4. e3 O-O 5. Bd3 d5 6. Nf3 b6 7. O-O Ba6 8. Qe2
c5 9. dxc5 Bxc3 10. bxc3 bxc5 11. Rd1 Nc6 12. cxd5 Bxd3 13. Qxd3 Qxd5 14. Qe2
Qf5 15. c4 Ne4 16. Bb2 Rab8 17. Rd7 Rb6 18. Rad1 e5 19. Rc7 Rfb8 20. Ba1 Nf6
21. h3 h6 22. Kh2 Qe6 23. Bc3 e4 24. Ng1 Nd4 25. exd4 Qd6+ 26. g3 Qxc7 27. Ba5
cxd4 28. Rxd4 h5 29. Qe3 h4 30. Ne2 hxg3+ 31. Nxg3 Qe5 32. Bxb6 axb6 33. Kg2
Re8 34. Rd2 Qe6 35. c5 bxc5 36. Qxc5 Rc8 37. Qe3 Re8 38. Kh2 Qe5 39. Rd4 g6 40.
a4 Kg7 41. Kg2 Qe6 42. Qf4 Qe5 43. Qxe5 Rxe5 44. a5 e3 45. fxe3 Rxa5 46. Ne4
Nd5 47. Kf3 Ne7 48. Nd6 Nc6 49. Re4 Ne5+ 50. Kg3 f6 51. Rf4 Ra6 52. Nc4 Nf7 53.
Rd4 Ra4 54. Nb2 Ra3 55. Rd3 Ra2 56. Nc4 Rc2 57. Nd6 Ne5 58. Rb3 Kh6 59. Ne4 Rc6
60. Rc3 Ra6 61. Rc5 Nf7 62. Rc7 Kg7 63. h4 Rb6 64. Ra7 Kf8 65. Ra8+ Ke7 66.
Ra7+ Ke8 67. Ra8+ Nd8 68. Kf4 Kd7 69. Ra7+ Kc8 70. Ra8+ Kc7 71. Ra7+ Kb8 72.
Re7 Kc8 73. Kf3 f5 74. Ng5 Rb4 75. Kg3 Rg4+ 76. Kh3 Rc4 77. Rg7 Rc3 78. Rxg6 f4
79. Kg4 fxe3 80. Rg8 Kd7 81. Rg7+ Ke8 82. Rg8+ Ke7 83. Rg7+ Kf8 84. Rd7 Ke8 85.
Rd4 Nf7 86. Re4+ Kf8 87. Nxf7 Kxf7 88. Kf3 Kg6 89. Rxe3 Rxe3+ 90. Kxe3 Kh5 91.
Kf3 Kxh4 1/2-1/2

[Event "Tradewise Gibraltar Masters 14th"]
[Site "Gibraltar"]
[Date "2016.02.02"]
[Round "8.14"]
[White "Lenic, Luka"]
[Black "Padmini, Rout"]
[Result "1-0"]
[WhiteElo "2611"]
[BlackElo "2427"]
[PlyCount "55"]
[EventDate "2016.01.26"]
[EventType "swiss"]
[EventRounds "10"]
[EventCountry "GGB"]
[Source "www.saund.co.uk"]
[SourceDate "2005.02.07"]

1. Nf3 Nf6 2. g3 e6 3. Bg2 d5 4. O-O Be7 5. c4 O-O 6. b3 c5 7. Bb2 Nc6 8. e3 b6
9. Nc3 Ba6 10. d3 Rc8 11. Qe2 Qd7 12. Ne1 Rfd8 13. g4 dxc4 14. bxc4 Ne8 15. f4
Nd6 16. f5 Bf8 17. Rd1 Re8 18. fxe6 fxe6 19. Nf3 Be7 20. Ba1 Rf8 21. g5 Nf5 22.
Ne4 Rf7 23. g6 hxg6 24. Nfg5 Rff8 25. Qg4 Nh6 26. Rxf8+ Bxf8 27. Qh3 Bxc4 28.
Qxh6 1-0

[Event "Tradewise Gibraltar Masters 14th"]
[Site "Gibraltar"]
[Date "2016.02.02"]
[Round "8.15"]
[White "Sandipan, Chanda"]
[Black "Gledura, Benjamin"]
[Result "1/2-1/2"]
[WhiteElo "2583"]
[BlackElo "2515"]
[PlyCount "60"]
[EventDate "2016.01.26"]
[EventType "swiss"]
[EventRounds "10"]
[EventCountry "GGB"]
[Source "www.saund.co.uk"]
[SourceDate "2005.02.07"]

1. d4 Nf6 2. Nf3 g6 3. g3 Bg7 4. Bg2 d5 5. c3 O-O 6. O-O b6 7. c4 Bb7 8. cxd5
Nxd5 9. e4 Nf6 10. e5 Nd5 11. Nc3 c5 12. dxc5 Nxc3 13. bxc3 Qc7 14. cxb6 axb6
15. Bf4 e6 16. Qd2 Nd7 17. Rfd1 Bd5 18. Qe1 Ra5 19. h4 Rc8 20. h5 gxh5 21. Qe3
Nf8 22. c4 Bxf3 23. Bxf3 Bxe5 24. Bxe5 Rxe5 25. Qd4 Rc5 26. Be2 Ng6 27. Rab1
Ne5 28. Qh4 Ng6 29. Qd4 Ne5 30. Qh4 Ng6 1/2-1/2

[Event "Tradewise Gibraltar Masters 14th"]
[Site "Gibraltar"]
[Date "2016.02.02"]
[Round "8.16"]
[White "Stefanova, Antoaneta"]
[Black "Jakovenko, Dmitry"]
[Result "0-1"]
[WhiteElo "2515"]
[BlackElo "2732"]
[PlyCount "66"]
[EventDate "2016.01.26"]
[EventType "swiss"]
[EventRounds "10"]
[EventCountry "GGB"]
[Source "www.saund.co.uk"]
[SourceDate "2005.02.07"]

1. Nf3 c5 2. g3 g6 3. c3 b6 4. d4 Nf6 5. Bg2 Bb7 6. Qb3 Qc7 7. Bf4 d6 8. O-O
Bg7 9. dxc5 Qxc5 10. Ng5 d5 11. Na3 O-O 12. Rac1 Nc6 13. Be3 Qd6 14. Rfd1 h6
15. Ne4 Nxe4 16. Bxe4 e6 17. c4 d4 18. c5 Qe5 19. Bxc6 Bxc6 20. Bxd4 Qe4 21.
Qf3 Qxd4 22. Qxc6 Qxb2 23. Nc4 Qxe2 24. Rd2 Qg4 25. cxb6 Rac8 26. Qb5 axb6 27.
Rdc2 Bd4 28. Kg2 Rc5 29. Qd7 Rh5 30. f3 Qh3+ 31. Kh1 Rd5 32. Qc7 Rfd8 33. Rd2
b5 0-1

[Event "Tradewise Gibraltar Masters 14th"]
[Site "Gibraltar"]
[Date "2016.02.02"]
[Round "8.17"]
[White "Fressinet, Laurent"]
[Black "Tan, Zhongyi"]
[Result "1/2-1/2"]
[WhiteElo "2700"]
[BlackElo "2504"]
[PlyCount "75"]
[EventDate "2016.01.26"]
[EventType "swiss"]
[EventRounds "10"]
[EventCountry "GGB"]
[Source "www.saund.co.uk"]
[SourceDate "2005.02.07"]

1. d4 Nf6 2. Nf3 e6 3. c4 b6 4. g3 Bb7 5. Bg2 Bb4+ 6. Bd2 Bxd2+ 7. Qxd2 O-O 8.
Nc3 Ne4 9. Qd3 f5 10. O-O Nxc3 11. Qxc3 d6 12. d5 e5 13. Nd2 Nd7 14. b4 a5 15.
a3 Nf6 16. Qc2 g6 17. Rab1 axb4 18. axb4 Qd7 19. Ra1 Rxa1 20. Rxa1 Ra8 21.
Rxa8+ Bxa8 22. e4 fxe4 23. Nxe4 Nxe4 24. Bxe4 Bb7 25. Qa2 Kg7 26. Qa7 Bc8 27.
Qb8 Ba6 28. b5 Qc8 29. Qa7 Bb7 30. Bg2 Kf6 31. h4 h6 32. f3 g5 33. Kh2 gxh4 34.
gxh4 Qf5 35. Qxb7 Qf4+ 36. Kh3 Qf5+ 37. Kg3 Qf4+ 38. Kh3 1/2-1/2

[Event "Tradewise Gibraltar Masters 14th"]
[Site "Gibraltar"]
[Date "2016.02.02"]
[Round "8.18"]
[White "Ly, Moulthun"]
[Black "Howell, David"]
[Result "1/2-1/2"]
[WhiteElo "2474"]
[BlackElo "2685"]
[PlyCount "118"]
[EventDate "2016.01.26"]
[EventType "swiss"]
[EventRounds "10"]
[EventCountry "GGB"]
[Source "www.saund.co.uk"]
[SourceDate "2005.02.07"]

1. e4 e5 2. Nf3 Nc6 3. Bc4 Bc5 4. O-O Nf6 5. d3 d6 6. c3 Bb6 7. a4 h6 8. Nbd2
O-O 9. Re1 Re8 10. Bb3 a5 11. Nc4 Ba7 12. Be3 Be6 13. Bxa7 Rxa7 14. Ne3 Qd7 15.
Bc2 Raa8 16. d4 exd4 17. Nxd4 Bg4 18. Nxg4 Qxg4 19. Qxg4 Nxg4 20. Nb5 Re7 21.
f3 Nf6 22. Rad1 Rae8 23. Kf1 g6 24. Bb3 Nb8 25. Na3 Nbd7 26. Nc4 Ra8 27. Bc2
Ne5 28. Ne3 Kf8 29. Rd2 Ned7 30. Nc4 Ne5 31. Ne3 Ra6 32. Bb1 Rb6 33. Red1 Ned7
34. Nc4 Ra6 35. Ne3 Nb6 36. Bc2 Nfd7 37. Kf2 Nc5 38. Rd4 Ra8 39. Nd5 Nxd5 40.
Rxd5 Ra6 41. R5d4 Re5 42. Rb1 Ne6 43. Rd2 Nc5 44. Rd4 Re8 45. Rd5 f6 46. Rd4
Ke7 47. b4 Nd7 48. Bd1 Nb6 49. Bb3 Raa8 50. Ra1 Kf8 51. Rdd1 Ra7 52. Ra2 Rea8
53. Rda1 Re8 54. Rd1 Kg7 55. Rb1 Rea8 56. Rba1 Re8 57. Rb1 Nd7 58. Bd1 Ne5 59.
Be2 b6 1/2-1/2

[Event "Tradewise Gibraltar Masters 14th"]
[Site "Gibraltar"]
[Date "2016.02.02"]
[Round "8.19"]
[White "Almasi, Zoltan"]
[Black "Harika, Dronavalli"]
[Result "1-0"]
[WhiteElo "2684"]
[BlackElo "2511"]
[PlyCount "111"]
[EventDate "2016.01.26"]
[EventType "swiss"]
[EventRounds "10"]
[EventCountry "GGB"]
[Source "www.saund.co.uk"]
[SourceDate "2005.02.07"]

1. Nf3 Nf6 2. c4 g6 3. b3 Bg7 4. Bb2 O-O 5. g3 d6 6. Bg2 e5 7. d3 c6 8. O-O Na6
9. Nbd2 h6 10. a3 Be6 11. b4 Qd7 12. Qc2 c5 13. Bc3 Bh3 14. Rfb1 Bxg2 15. Kxg2
Rae8 16. e4 Nh5 17. Qd1 f5 18. Nh4 Qf7 19. exf5 gxf5 20. Nf1 f4 21. Ra2 d5 22.
Qf3 d4 23. Be1 fxg3 24. hxg3 e4 25. Qxf7+ Rxf7 26. dxe4 Rxe4 27. Nf3 Rd7 28.
Bd2 Nf6 29. Bf4 Nh5 30. Bd2 Nf6 31. b5 Nc7 32. b6 axb6 33. Rxb6 Nce8 34. Bf4
Rxf4 35. gxf4 Nh5 36. N1d2 Nd6 37. Rab2 Nxf4+ 38. Kf1 Nd3 39. R2b3 Nc1 40. Rb1
Nd3 41. R6b3 Nf4 42. a4 Rd8 43. a5 Ra8 44. Rb6 Bf8 45. Ra1 Nd3 46. Ra3 Nb4 47.
Ne5 Rd8 48. Rg3+ Bg7 49. Rg6 d3 50. Rbxd6 Rxd6 51. Rxd6 Bxe5 52. Rd8+ Kf7 53.
Rd7+ Ke6 54. Rxb7 Kf5 55. Nb3 Bc3 56. Rxb4 1-0

[Event "Tradewise Gibraltar Masters 14th"]
[Site "Gibraltar"]
[Date "2016.02.02"]
[Round "8.20"]
[White "Duda, Jan-Krzysztof"]
[Black "Zhukova, Natalia"]
[Result "1-0"]
[WhiteElo "2660"]
[BlackElo "2484"]
[PlyCount "93"]
[EventDate "2016.01.26"]
[EventType "swiss"]
[EventRounds "10"]
[EventCountry "GGB"]
[Source "www.saund.co.uk"]
[SourceDate "2005.02.07"]

1. d4 d5 2. c4 c6 3. Nc3 Nf6 4. e3 e6 5. Nf3 Nbd7 6. Qc2 Bd6 7. Bd3 O-O 8. O-O
e5 9. cxd5 cxd5 10. e4 exd4 11. Nxd5 Nxd5 12. exd5 h6 13. Nxd4 Qh4 14. Nf3 Qh5
15. Qc4 Nf6 16. Bf4 Bxf4 17. Qxf4 Nxd5 18. Qd4 Be6 19. Rad1 Nf6 20. Bb1 Qa5 21.
Qe5 Qxe5 22. Nxe5 Rfd8 23. f3 Kf8 24. Kf2 Rac8 25. h4 h5 26. Rfe1 Rxd1 27. Rxd1
Nd5 28. Be4 Nf6 29. Bb1 Nd5 30. Rd2 Rc7 31. a3 Nb6 32. Be4 Nd7 33. Nxd7+ Bxd7
34. Ke3 Ke7 35. Kf4 g6 36. Rc2 Rxc2 37. Bxc2 f5 38. Kg5 Be8 39. Bb3 b6 40. Bc4
Bf7 41. Bxf7 Kxf7 42. Kh6 b5 43. b4 a6 44. f4 Kf6 45. Kh7 Kf7 46. g3 Kf6 47.
Kg8 1-0

[Event "Tradewise Gibraltar Masters 14th"]
[Site "Gibraltar"]
[Date "2016.02.02"]
[Round "8.21"]
[White "Sutovsky, Emil"]
[Black "Aravindh, Chithambaram Vr"]
[Result "1-0"]
[WhiteElo "2647"]
[BlackElo "2500"]
[PlyCount "96"]
[EventDate "2016.01.26"]
[EventType "swiss"]
[EventRounds "10"]
[EventCountry "GGB"]
[Source "www.saund.co.uk"]
[SourceDate "2005.02.07"]

1. e4 c5 2. Nf3 Nc6 3. Bb5 d6 4. O-O Bd7 5. c3 Nf6 6. d4 Nxe4 7. d5 Ne5 8.
Bxd7+ Qxd7 9. Re1 Nxf3+ 10. Qxf3 Nf6 11. Na3 e5 12. dxe6 fxe6 13. Bg5 Be7 14.
Rad1 O-O 15. Qh3 Rae8 16. Qxe6+ Qxe6 17. Rxe6 Bd8 18. Rxe8 Rxe8 19. Nb5 d5 20.
Kf1 Re5 21. Bxf6 Bxf6 22. Nxa7 d4 23. c4 Re6 24. Nb5 Kf7 25. Re1 Ra6 26. a3 d3
27. b3 Bb2 28. Rd1 Bxa3 29. Rxd3 Bb4 30. Nd6+ Ke6 31. Ne4 Ke5 32. Nxc5 Bxc5 33.
Rd5+ Ke4 34. Rxc5 Ra1+ 35. Ke2 Ra2+ 36. Ke1 Ra1+ 37. Ke2 Ra2+ 38. Ke1 Ra1+ 39.
Kd2 Ra2+ 40. Kc3 Rxf2 41. Rc7 Rxg2 42. Rxb7 Ke5 43. Rb5+ Ke4 44. Rh5 h6 45. c5
Rg1 46. Kc4 Rc1+ 47. Kb5 Kd4 48. b4 Rb1 1-0

[Event "Tradewise Gibraltar Masters 14th"]
[Site "Gibraltar"]
[Date "2016.02.02"]
[Round "8.22"]
[White "Lei, Tingjie"]
[Black "Salem, AR Saleh"]
[Result "0-1"]
[WhiteElo "2474"]
[BlackElo "2627"]
[PlyCount "90"]
[EventDate "2016.01.26"]
[EventType "swiss"]
[EventRounds "10"]
[EventCountry "GGB"]
[Source "www.saund.co.uk"]
[SourceDate "2005.02.07"]

1. d4 Nf6 2. c4 g6 3. Nc3 d5 4. Nf3 Bg7 5. Bg5 Ne4 6. Bf4 c6 7. e3 Qa5 8. Qb3
Na6 9. Rc1 e6 10. Be2 g5 11. Be5 f6 12. Bg3 O-O 13. cxd5 exd5 14. O-O Nxg3 15.
fxg3 Nc7 16. Bd3 Kh8 17. Rf2 Bd7 18. Qc2 Qb4 19. Bxh7 f5 20. Nxg5 Bh6 21. Bxf5
Bxg5 22. Re1 Qe7 23. Bxd7 Qxd7 24. e4 Qg7 25. Rxf8+ Rxf8 26. Qd1 Bh6 27. exd5
Nxd5 28. Nxd5 cxd5 29. Kh1 Qf6 30. g4 Bd2 31. Rg1 Qxd4 32. g5 Kg8 33. g6 Kg7
34. Qb3 Kxg6 35. Rd1 Qc4 36. Qg3+ Kh7 37. Qh3+ Bh6 38. Rg1 d4 39. b3 Qb5 40.
Qh4 d3 41. Qe7+ Kh8 42. Qd6 Qa6 43. Qd4+ Bg7 44. Qd5 Qg6 45. h3 Qf5 0-1

[Event "Tradewise Gibraltar Masters 14th"]
[Site "Gibraltar"]
[Date "2016.02.02"]
[Round "8.23"]
[White "Pogonina, Natalija"]
[Black "Iturrizaga Bonelli, Eduardo"]
[Result "1/2-1/2"]
[WhiteElo "2454"]
[BlackElo "2624"]
[PlyCount "76"]
[EventDate "2016.01.26"]
[EventType "swiss"]
[EventRounds "10"]
[EventCountry "GGB"]
[Source "www.saund.co.uk"]
[SourceDate "2005.02.07"]

1. e4 c5 2. Nf3 Nc6 3. d4 cxd4 4. Nxd4 Nf6 5. Nc3 d6 6. Bg5 Bd7 7. Qd2 Rc8 8.
Be2 Nxd4 9. Qxd4 Qa5 10. Be3 a6 11. O-O e5 12. Qd3 Be7 13. Bg5 Be6 14. a3 O-O
15. Bxf6 Bxf6 16. Qxd6 Rfd8 17. Qb4 Qc7 18. Rad1 b5 19. Nd5 Qxc2 20. Rd2 Qc6
21. Rfd1 Bg5 22. Rd3 Qc2 23. Bf3 g6 24. b3 h5 25. h3 Kg7 26. a4 Qc5 27. Qa5 Bh4
28. R3d2 Bg5 29. Rd3 Bh4 30. R3d2 Bxd5 31. exd5 f5 32. b4 Qd6 33. Be2 e4 34.
Bf1 Bg5 35. Re2 Rb8 36. Rc2 e3 37. Qc7+ Kh6 38. Qxd6 Rxd6 1/2-1/2

[Event "Tradewise Gibraltar Masters 14th"]
[Site "Gibraltar"]
[Date "2016.02.02"]
[Round "8.24"]
[White "Edouard, Romain"]
[Black "Gunina, Valentina"]
[Result "1-0"]
[WhiteElo "2617"]
[BlackElo "2496"]
[PlyCount "63"]
[EventDate "2016.01.26"]
[EventType "swiss"]
[EventRounds "10"]
[EventCountry "GGB"]
[Source "www.saund.co.uk"]
[SourceDate "2005.02.07"]

1. d4 d5 2. c4 c6 3. Nf3 Nf6 4. Nc3 e6 5. Bg5 Nbd7 6. e4 dxe4 7. Nxe4 Be7 8.
Nc3 O-O 9. Bd3 c5 10. Bc2 b6 11. Qe2 cxd4 12. Nxd4 Bb7 13. O-O-O Qc7 14. Ndb5
Qe5 15. Be3 a6 16. Nd6 Bc6 17. Rhg1 Qa5 18. g4 Ne5 19. g5 Nfd7 20. Rg3 Rfd8 21.
Bxh7+ Kf8 22. f4 Ng6 23. Bxg6 fxg6 24. f5 Qe5 25. fxg6 Bxd6 26. Qf1+ Nf6 27.
gxf6 Qxf6 28. Rh3 Ke7 29. Qg1 Be8 30. Rf1 Be5 31. Rxf6 Bxf6 32. Bxb6 1-0

[Event "Tradewise Gibraltar Masters 14th"]
[Site "Gibraltar"]
[Date "2016.02.02"]
[Round "8.25"]
[White "Bachmann, Axel"]
[Black "Prasanna, Raghuram Rao"]
[Result "1-0"]
[WhiteElo "2610"]
[BlackElo "2460"]
[PlyCount "61"]
[EventDate "2016.01.26"]
[EventType "swiss"]
[EventRounds "10"]
[EventCountry "GGB"]
[Source "www.saund.co.uk"]
[SourceDate "2005.02.07"]

1. e4 e5 2. Nf3 Nc6 3. Bc4 Nf6 4. d3 Be7 5. O-O O-O 6. a4 d5 7. exd5 Nxd5 8.
Re1 Bg4 9. h3 Bxf3 10. Qxf3 Nb6 11. Nd2 Nxc4 12. Nxc4 Re8 13. Bd2 Bf6 14. Bc3
Qd7 15. b4 Nxb4 16. Bxb4 e4 17. Qg3 Bxa1 18. Rxa1 Qd4 19. Ra3 Qf6 20. Qxc7 exd3
21. cxd3 Re2 22. Bc5 b6 23. Be3 Re8 24. Kh2 h5 25. Rb3 h4 26. Rb5 Re1 27. Re5
Rxe5 28. Nxe5 Ra1 29. d4 Rxa4 30. Qc8+ Kh7 31. Qc2+ 1-0

[Event "Tradewise Gibraltar Masters 14th"]
[Site "Gibraltar"]
[Date "2016.02.02"]
[Round "8.26"]
[White "Tregubov, Pavel V"]
[Black "Anurag, Mhamal"]
[Result "1-0"]
[WhiteElo "2582"]
[BlackElo "2387"]
[PlyCount "83"]
[EventDate "2016.01.26"]
[EventType "swiss"]
[EventRounds "10"]
[EventCountry "GGB"]
[Source "www.saund.co.uk"]
[SourceDate "2005.02.07"]

1. c4 Nf6 2. Nc3 c5 3. Nf3 e6 4. d4 cxd4 5. Nxd4 a6 6. e4 d6 7. Be2 b6 8. Bf3
Ra7 9. Be3 Be7 10. Qa4+ Nfd7 11. O-O O-O 12. Rfd1 Rc7 13. Be2 Bb7 14. Rac1 Qc8
15. Qc2 Nf6 16. f3 Nbd7 17. Bf1 Re8 18. Qd2 Bf8 19. Kh1 Qa8 20. b3 Rcc8 21.
Nde2 Bc6 22. Nf4 Qb8 23. Nd3 Red8 24. Qf2 Nc5 25. Nb4 Bb7 26. Bf4 Qa8 27. Nc2
d5 28. e5 Nh5 29. Bg5 Re8 30. Ne3 h6 31. Bh4 Qb8 32. f4 b5 33. b4 Na4 34. Nxa4
bxa4 35. Be2 Nxf4 36. Qxf4 g5 37. Bxg5 hxg5 38. Qxg5+ Bg7 39. Ng4 Red8 40. Rc3
dxc4 41. Nf6+ Kf8 42. Nh7+ 1-0